| 000 | 00385pab a2200157 454500 | ||
|---|---|---|---|
| 008 | 180718b1999 xxu||||| |||| 00| 0 eng d | ||
| 100 | _aMishra, Manoranjan | ||
| 245 | _aOrganic agriculture for food security and better environment | ||
| 260 | _c1999 | ||
| 300 | _ap.31-33 | ||
| 362 | _aDec | ||
| 650 | _aAgriculture | ||
| 700 | _aPanda, R.K. | ||
| 773 | _aYojana | ||
| 909 | _a43107 | ||
| 999 |
_c43107 _d43107 |
||